MARC

LEADER 00000nam0a2200000 4500
001 301479
005 20231102001415.0
020 |a RU  |b 83-13196 
035 |a (RuTPU)RU\TPU\book\326651 
090 |a 301479 
100 |a 20150731d1982 m a0rusy5003 ca 
101 0 |a rus 
102 |a RU 
105 |a a j 001zy 
200 1 |a Инженерно-геологические условия месторождений полезных ископаемых  |e Учебное пособие  |f И. П. Иванов  |g Ленинградский горный институт им. Г. В. Плеханова (ЛГИ) 
210 |a Ленинград  |c ЛГИ  |d 1982 
215 |a 93 с.  |c ил., 1 л. ил. 
320 |a Библиогр.: с. 91-92 
606 |a Месторождения полезных ископаемых  |x Инженерно-геологические исследования  |x Горное дело  |2 stltpush  |3 (RuTPU)RU\TPU\subj\42233  |9 61920 
610 1 |a инженерно-геологические исследования 
610 1 |a инженерно-геологические условия 
610 1 |a гидрогеологические условия 
610 1 |a твердые полезные ископаемые 
610 1 |a учебные пособия 
675 |a 622.1(075.8) 
700 1 |a Иванов  |b И. П.  |g Иван Пенкович 
712 0 2 |a Ленинградский горный институт им. Г. В. Плеханова (ЛГИ)  |c (1924-1991)  |2 stltpush  |3 (RuTPU)RU\TPU\col\1021 
801 0 |a RU  |b RuMRKP  |c 19950704  |g psbo 
801 1 |a RU  |b 63413507  |c 20150731 
801 2 |a RU  |b 63413507  |c 20180322  |g RCR 
942 |c BK